ARRUPE JESUIT UNIVERSITY

CORONAVIRUS -STOP THE SPREAD - CLEAN,DISINFECT,COVER

Women in Zambia (Record no. 119691)

MARC details
000 -LEADER
fixed length control field 00347nam a22001337a 4500
008 - FIXED-LENGTH DATA ELEMENTS--GENERAL INFORMATION
fixed length control field 140124b xxu||||| |||| 00| 0 eng d
050 ## - LIBRARY OF CONGRESS CALL NUMBER
Classification number SPC HQ1799.Z32D34
100 ## - MAIN ENTRY--PERSONAL NAME
Personal name Dahlschen, Edith
9 (RLIN) 7065
245 ## - TITLE STATEMENT
Title Women in Zambia
260 ## - PUBLICATION, DISTRIBUTION, ETC. (IMPRINT)
Place of publication, distribution, etc Lusaka
Name of publisher, distributor, etc NECZAM
Date of publication, distribution, etc 1970
300 ## - PHYSICAL DESCRIPTION
Extent 79p.
Dimensions 18cm
650 ## - SUBJECT ADDED ENTRY--TOPICAL TERM
Topical term or geographic name as entry element Women - Zambia
9 (RLIN) 7066
942 ## - ADDED ENTRY ELEMENTS (KOHA)
Source of classification or shelving scheme Library of Congress Classification
Item type REFERENCE
Holdings
Withdrawn status Lost status Source of classification or shelving scheme Damaged status Not for loan Home library Current library Date acquired Total Checkouts Full call number Date last seen Price effective from Koha item type Public note
    Library of Congress Classification     ARRUPE LIBRARY ARRUPE LIBRARY 24/01/2014   SPC HQ1799.Z32D34 24/01/2014 24/01/2014 Monograph ( Printed materials) 464122339

 

Arrupe Library. PO Box MP320 Mt Pleasant, Harare, Zimbabwe
263 242 745411|librarian@aju.ac.zw